Normal view MARC view

Entry Topical Term

Number of records used in: 1

001 - CONTROL NUMBER

  • control field: 14237

003 - CONTROL NUMBER IDENTIFIER

  • control field: OSt

005 - DATE AND TIME OF LATEST TRANSACTION

  • control field: 20210514155440.0

008 - FIXED-LENGTH DATA ELEMENTS

  • fixed length control field: 210514|| aca||aabn | a|a d

040 ## - CATALOGING SOURCE

  • Original cataloging agency: OSt
  • Transcribing agency: OSt

150 ## - HEADING--TOPICAL TERM

  • Topical term or geographic name entry element: Electric circuits -- Problems, exercises, etc

670 ## - SOURCE DATA FOUND

  • Source citation: Work cat.: (OSt): Staff of Research and Education Association, M. Fogiel, Director 14236, The Electric circuits problem solver :, c2004